00234 a2200109 4500001000700000020000600007040001100013100003000024240003300054245002800087362000900115166270 a  cMagnum aCarvalho, Antonio Paes de10aA crise da universidadelpor10aA crise da universidade0 a1899